[Event "Moscow rapid"]
[Site "Moscow"]
[Date "1992.??.??"]
[Round "?"]
[White "Makarichev, Sergey"]
[Black "Chekhov, Valery A"]
[Result "0-1"]
[WhiteElo "2530"]
[BlackElo "2535"]

1.c4 e5 2.g3 c6 3.d4 d6 4.Bg2 Nf6 5.Nc3 Nbd7 6.e3 g6 7.Nge2 Bg7 8.h3 O-O
9.O-O Re8 10.Qc2 h5 11.b3 Qe7 12.Ba3 e4 13.g4 hxg4 14.hxg4 Nxg4 15.Qxe4 Nde5
16.Qf4 f5 17.Qg3 Nf7 18.Nf4 Qf6 19.Rfe1 Bd7 20.Rad1 Bh6 21.Nh3 Re7 22.Bb2 g5
23.Bf3 Rae8 24.d5 c5 25.e4 Qg7 26.Be2 Nf6 27.exf5 Bxf5 28.Kf1 Qg6 29.Ng1 g4
30.Bc1 Nh5 31.Qh4 Bxc1 32.Rxc1 Ne5 33.Nd1 Nd3 34.Ne3 Nxc1 35.Rxc1  0-1

[Event "Muenster"]
[Site "Muenster"]
[Date "1992.??.??"]
[Round "4"]
[White "Padevsky, Nikola"]
[Black "Gauglitz, Gernot"]
[Result "1-0"]
[WhiteElo "2400"]
[BlackElo "2435"]

1.c4 e5 2.g3 g6 3.Bg2 Bg7 4.Nc3 d6 5.e3 Nc6 6.d3 f5 7.Nge2 Nf6 8.Rb1 a5 9.a3 O-O
10.O-O g5 11.f4 h6 12.b4 axb4 13.axb4 Qe8 14.Nd5 Nxd5 15.cxd5 Na7 16.e4 Qg6
17.b5 Bd7 18.b6 cxb6 19.Rxb6 gxf4 20.gxf4 fxe4 21.dxe4 Bh3 22.Ng3 Bxg2 23.Kxg2 exf4
24.Bxf4 Nc8 25.Rxb7 Ra2+ 26.Kh1 Kh8 27.Qh5  1-0

[Event "Munich op9192"]
[Site "Munich"]
[Date "1992.??.??"]
[Round "3"]
[White "Stohl, Igor"]
[Black "Fedorov, Vladislav"]
[Result "0-1"]
[WhiteElo "2555"]
[BlackElo "2390"]

1.c4 e5 2.g3 Nc6 3.Bg2 g6 4.Nc3 Bg7 5.e3 Nge7 6.Nge2 O-O 7.O-O a6 8.d4 exd4
9.exd4 d6 10.b3 Bg4 11.f3 Bd7 12.Be3 Nf5 13.Bf2 Re8 14.d5 Na5 15.Qd2 b5 16.Ne4 c5
17.Rac1 bxc4 18.bxc4 Rb8 19.g4 Rb2 20.Qe1 Nd4 21.Nxd4 Rxf2 22.Rxf2 Bxd4 23.Qf1 f5
24.Nxd6 Rf8 25.gxf5 gxf5 26.Qd1 Be5 27.f4 Bxd6 28.Rb1 Be7 29.d6 Bf6 30.Bd5+ Kh8
31.Rg2 Bc6 32.Bxc6 Nxc6 33.Qf3 Qxd6 34.Rb7 Ne7 35.h3 Rb8 36.Rxb8+ Qxb8 37.Re2 Ng6
38.Qc6 Bd4+  0-1

[Event "Munich op9192"]
[Site "Munich"]
[Date "1992.??.??"]
[Round "8"]
[White "Gallus, Gerald"]
[Black "Tauber, Manfred"]
[Result "1-0"]
[WhiteElo "2290"]
[BlackElo "2245"]

1.g3 e5 2.c4 Nf6 3.Bg2 Nc6 4.Nc3 Bb4 5.Nd5 a5 6.e3 O-O 7.Ne2 d6 8.O-O Bc5
9.d4 Ba7 10.Nxf6+ Qxf6 11.d5 Nb4 12.Bd2 Bb6 13.Bxb4 axb4 14.Qd2 Ba5 15.b3 Bd7
16.Rfd1 h5 17.Nc1 h4 18.a3 hxg3 19.hxg3 Bb6 20.a4 g5 21.Qxb4 Kg7 22.Nd3 Bg4
23.c5 Bxd1 24.Rxd1 dxc5 25.Qc4 Rfe8 26.Nc1 Qg6 27.g4 Ba5 28.Ne2 f5 29.gxf5 Qxf5
30.Ng3 Qd7 31.Qe4 Ra6 32.Nf5+ Kf8 33.Bh3 Qh7 34.d6 Qxh3 35.d7 Rd8 36.Qxe5 Qg4+
37.Kh2 Qh5+ 38.Kg3 Qf7 39.Rh1 Rg6 40.Rh8+ Rg8 41.Qxc5+  1-0

[Event "Nettetal"]
[Site "Nettetal"]
[Date "1992.??.??"]
[Round "1"]
[White "Schlosser, Philipp"]
[Black "Winants, Luc"]
[Result "1/2-1/2"]
[WhiteElo "2485"]
[BlackElo "2515"]

1.c4 e5 2.g3 Nc6 3.Bg2 g6 4.Nc3 Bg7 5.e3 Nge7 6.Nge2 d6 7.O-O O-O 8.Rb1 Bf5
9.d3 Qd7 10.Re1 Bh3 11.Bh1 f5 12.b4 f4 13.b5 fxe3 14.fxe3 Nd8 15.Ne4 Qf5
16.N2c3 Ne6 17.Rb2 Bg4 18.Qb3 Kh8 19.Rf2 Qh5 20.Ref1 Rf5 21.Qa3 Bh3 22.Bg2 Bxg2
23.Kxg2 Rxf2+ 24.Rxf2 Nf5 25.h3 Ng5 26.Nxg5 Qxg5 27.Ne4 Qe7 28.g4 Nh4+ 29.Kg3 b6
30.Qa6 g5 31.Ba3 h6 32.Qb7 Rf8 33.Qxa7 Rxf2 34.Kxf2 Qf7+ 35.Ke1 Qf3 36.Kd2 Qg2+
37.Kc3 Qxa2 38.Qb8+ Kh7 39.Bb2 Ng2 40.Qxc7 Nxe3 41.Qf7 Kh8 42.Qe8+ Kh7 43.Qf7 Kh8
44.Qe8+  1/2-1/2

[Event "Nettetal"]
[Site "Nettetal"]
[Date "1992.??.??"]
[Round "6"]
[White "Arkhipov, Sergey"]
[Black "Stangl, Markus"]
[Result "0-1"]
[WhiteElo "2515"]
[BlackElo "2465"]

1.c4 e5 2.g3 d6 3.Bg2 g6 4.Nc3 Bg7 5.Nf3 f5 6.d3 Nf6 7.O-O O-O 8.c5 Kh8 9.cxd6 cxd6
10.e4 Nc6 11.h3 Be6 12.Bg5 Qd7 13.Kh2 h6 14.exf5 Bxf5 15.Be3 g5 16.d4 e4
17.d5 Nxd5 18.Qxd5 exf3 19.Bxf3 Bxh3 20.Bg2 Bxg2 21.Kxg2 Rf5 22.Qd1 d5  0-1

[Event "Norresundby op"]
[Site "Norresundby"]
[Date "1992.??.??"]
[Round "1"]
[White "Videki, Sandor"]
[Black "Ruban, Vadim"]
[Result "0-1"]
[WhiteElo "2305"]
[BlackElo "2580"]

1.c4 e5 2.g3 f5 3.d4 exd4 4.Nf3 c5 5.e3 dxe3 6.Bxe3 Nf6 7.Nc3 Be7 8.Qd2 d6
9.O-O-O O-O 10.Bf4 Nc6 11.Bg2 Be6 12.b3 Kh8 13.Bxd6 Bxd6 14.Qxd6 Qa5 15.Kb2 Ne4
16.Nxe4 fxe4 17.Qxe6 exf3 18.Bf1 Rae8 19.Qg4 Re1 20.Bd3 Ne5  0-1

[Event "Norresundby op"]
[Site "Norresundby"]
[Date "1992.??.??"]
[Round "1"]
[White "Christensen, Tobias"]
[Black "Kupreichik, Viktor D"]
[Result "1-0"]
[WhiteElo "2345"]
[BlackElo "2545"]

1.g3 e5 2.c4 c6 3.d4 e4 4.d5 Bb4+ 5.Bd2 Qb6 6.Nc3 f5 7.Nh3 Nf6 8.Bg2 Na6
9.a3 Be7 10.Be3 c5 11.O-O Ng4 12.Bd2 Qxb2 13.Rb1 Qxa3 14.Nb5 Qa2 15.Qc1 Ne5
16.Qc3 d6 17.Bf4 O-O 18.Bxe5 dxe5 19.Rb2 Qa4 20.Rb3 Bd7 21.Ra1 Qb4 22.Rxb4 cxb4
23.Qb3 Bc5 24.e3 h6 25.Kh1 Rac8 26.Ng1 Nc7 27.Nxc7 Rxc7 28.f3 exf3 29.Nxf3 Re8
30.Ne1 b6 31.d6 Rc6 32.Bd5+ Kh7 33.Rxa7 Rxd6 34.Nd3 f4 35.Rxd7 Rxd7 36.Bc6 Rde7
37.Bxe8 Rxe8 38.exf4 exf4 39.Nxf4 Re3 40.Qb1+ Kg8 41.Nd3 h5 42.Nxc5 bxc5
43.Qf5 b3 44.Qd5+ Kh8 45.Qxh5+ Kg8 46.Qd5+ Kh8 47.Qd8+ Kh7 48.Qd2  1-0

[Event "NZD-ch"]
[Site "?"]
[Date "1992.??.??"]
[Round "9"]
[White "Small, Vernon A"]
[Black "Spain, Graeme"]
[Result "1-0"]
[WhiteElo "2375"]
[BlackElo "2240"]

1.c4 e5 2.g3 c6 3.Bg2 Nf6 4.Nc3 Bb4 5.Qb3 Qe7 6.Nf3 Na6 7.O-O O-O 8.d3 h6
9.a3 Ba5 10.Qc2 d5 11.b4 Bd8 12.e4 dxc4 13.dxc4 Bc7 14.h3 Be6 15.Qe2 Rad8
16.Be3 Bb8 17.Kh2 Rd7 18.Rfc1 Rfd8 19.Ne1 Nh7 20.Rab1 f6 21.Na4 b6 22.Nc3 Qf7
23.Bf1 Nc7 24.a4 f5 25.exf5 Bxf5 26.Rb2 Ne6 27.Bg2 Nd4 28.Qf1 Nf6 29.b5 e4
30.Bxd4 Rxd4 31.Nc2 Rd2 32.Rb3 R8d3 33.Ne3 Rxe3 34.fxe3 Bxh3 35.Ne2 Qh5 36.Bxh3 Rxe2+
37.Kh1 Bxg3 38.Qf5 Qxf5 39.Bxf5 Rd2 40.bxc6 Rd6 41.c7  1-0

[Event "Olot op"]
[Site "Olot"]
[Date "1992.??.??"]
[Round "6"]
[White "Foisor, Cristina Adela B"]
[Black "Braga, Fernando"]
[Result "1-0"]
[WhiteElo "2375"]
[BlackElo "2405"]

1.c4 e5 2.g3 Nf6 3.Bg2 Nc6 4.Nf3 Bc5 5.O-O d6 6.Nc3 O-O 7.d3 h6 8.Na4 a5
9.Nxc5 dxc5 10.b3 Qd6 11.Bb2 Re8 12.Nd2 Bg4 13.h3 Bd7 14.Nb1 Rad8 15.Nc3 Ne7
16.Qc2 Bc6 17.Nb5 Bxb5 18.cxb5 b6 19.Rfd1 Ned5 20.a3 Re6 21.Rac1 Ne8 22.e3 Qd7
23.d4 exd4 24.exd4 cxd4 25.Rxd4 Rd6 26.Qc4 Ndf6 27.Rxd6 Qxd6 28.a4 Qe6 29.Qxe6 fxe6
30.Be5 Rd7 31.Bb7 Kf7 32.Kg2 Rd3 33.Bf3 Rd7 34.h4 g5 35.h5 g4 36.Be2 Nxh5
37.Bxg4 Nhf6 38.Bf3 Kg6 39.Bf4 h5 40.Re1 Rd3 41.Rxe6 Rxb3 42.Rc6 Rb4 43.Bd1 h4
44.Bc2+ Kh5 45.Be5 Ne4 46.f3 N4d6 47.g4+ Kg5 48.Kh3 Rc4 49.Rxc4 Nxc4 50.f4+ Kh6
51.Kxh4 Nxe5 52.fxe5 Kg7 53.Kg5  1-0

[Event "Olot op"]
[Site "Olot"]
[Date "1992.??.??"]
[Round "7"]
[White "Foisor, Cristina Adela B"]
[Black "Luecke, Norbert"]
[Result "1/2-1/2"]
[WhiteElo "2375"]
[BlackElo "2410"]

1.c4 e5 2.g3 Nf6 3.Bg2 d5 4.cxd5 Nxd5 5.Nf3 Nc6 6.Nc3 Nb6 7.a3 Be7 8.Rb1 O-O
9.b4 f6 10.d3 Be6 11.O-O a5 12.b5 Nd4 13.Nd2 c6 14.bxc6 Nxc6 15.Nc4 Ra6 16.Nxb6 Rxb6
17.Rxb6 Qxb6 18.Nd5 Qd8 19.Nxe7+ Qxe7 20.Bb2 Qd7 21.f4 Bd5 22.fxe5 fxe5 23.Rxf8+ Kxf8
24.Qc1 Bxg2 25.Qc5+ Qe7 26.Qf2+ Qf7 27.Kxg2 Qxf2+ 28.Kxf2 b5 29.Ke3 Ke7 30.Ke4 Ke6
31.e3 g6 32.Bc3 b4 33.axb4 axb4 34.Bb2 b3 35.h3 Nb4 36.d4 exd4 37.Kxd4 Nd5
38.Kd3 Nb6 39.Bd4 Na4 40.g4 b2 41.Kc2 Kd5 42.h4 Ke4 43.h5 g5 44.Bf6 Kf3 45.Bxg5 Kxg4
46.Bd8 Kxh5 47.e4 Kg4 48.e5 Kf5 49.Bf6 h5 50.Kb1  1/2-1/2

[Event "RUS-ch"]
[Site "Orel"]
[Date "1992.??.??"]
[Round "?"]
[White "Ragozin, Evgeni"]
[Black "Landa, Konstantin"]
[Result "0-1"]
[WhiteElo "2415"]
[BlackElo "2440"]

1.c4 e5 2.g3 c6 3.Bg2 Nf6 4.d4 Bb4+ 5.Nd2 exd4 6.Nf3 Qb6 7.O-O Be7 8.Nb3 c5
9.e3 dxe3 10.Bxe3 d6 11.Re1 O-O 12.Bxc5 dxc5 13.Rxe7 Rd8 14.Qc1 Nc6 15.Re1 Nb4
16.Qc3 Bf5 17.Nh4 Be6 18.Bf1 a5 19.h3 h6 20.Re5 Nc6 21.Ree1 a4 22.Nd2 Qb4
23.Nhf3 a3 24.Nb3 axb2 25.Qxb2 Bxc4 26.Bxc4 Qxc4 27.Nxc5 Qd5 28.Rac1 b6 29.Ne4 Rab8
30.Red1 Qe6 31.Rxd8+ Rxd8 32.Kh2 Nb4 33.Ne5 Nxa2 34.Nxf7 Nxc1 35.Nxd8 Qb3
36.Qxc1 Qd5  0-1

[Event "Pardubice op"]
[Site "Pardubice"]
[Date "1992.??.??"]
[Round "6"]
[White "Vaulin, Alexander"]
[Black "Gleizerov, Evgeny"]
[Result "1/2-1/2"]
[WhiteElo "2515"]
[BlackElo "2540"]

1.c4 e5 2.g3 Nc6 3.Bg2 g6 4.Nc3 Bg7 5.e4 d6 6.Nge2 Nge7 7.d3 O-O 8.O-O f5
9.Nd5 Nxd5 10.cxd5 Ne7 11.Be3 c5 12.Qd2 Bd7 13.f4 exf4 14.Bxf4 Qb6 15.Kh1 fxe4
16.dxe4 Rae8 17.Rae1  1/2-1/2

[Event "Philadelphia opI"]
[Site "Philadelphia"]
[Date "1992.??.??"]
[Round "3"]
[White "Josenhans, Daniel"]
[Black "Ardaman, Miles"]
[Result "0-1"]
[WhiteElo "2315"]
[BlackElo "2410"]

1.c4 e5 2.g3 h5 3.h4 Nc6 4.Nc3 Bc5 5.Bg2 d6 6.Na4 Nge7 7.Nxc5 dxc5 8.d3 Bg4
9.Nf3 f6 10.Nh2 Be6 11.a3 a5 12.Bd2 Kf7 13.Nf1 a4 14.Ne3 Nd4 15.Bc3 Nb3 16.Rb1 c6
17.O-O Rb8 18.f4 exf4 19.Rxf4 b5 20.Qe1 Qd6 21.Qf2 Rh6 22.Rf1 b4 23.Be1 Nd4
24.g4 Qxf4 25.Qxf4 Nxe2+ 26.Kh2 Nxf4 27.Rxf4 hxg4 28.Nxg4 Rh5 29.Re4 Bf5
30.Rf4 Ng6  0-1

[Event "BCF-ch"]
[Site "Plymouth"]
[Date "1992.??.??"]
[Round "10"]
[White "Webster, Andrew"]
[Black "Hodgson, Julian M"]
[Result "0-1"]
[WhiteElo "2330"]
[BlackElo "2535"]

1.c4 e5 2.g3 Nf6 3.Bg2 d5 4.cxd5 Nxd5 5.Nc3 Nb6 6.Nf3 Nc6 7.O-O Be7 8.a3 a5
9.d3 O-O 10.Be3 Be6 11.Qc1 Nd4 12.Bxd4 exd4 13.Ne4 a4 14.Nc5 Bc8 15.b4 axb3
16.Nxb3 Bf6 17.Nfd2 g6 18.Ne4 Bg7 19.Nec5 Nd5 20.a4 Nc3 21.Re1 Re8 22.Qc2 c6
23.a5 Qc7 24.Na4 Be6 25.Nxd4 Qxa5 26.Nxe6 Nxe2+ 27.Rxe2 Bxa1 28.Nec5 Rxe2
29.Qxe2 Bd4 30.Qe7 Qd2 31.Ne4 Qd1+  0-1

[Event "Rubinstein mem"]
[Site "Polanica Zdroj"]
[Date "1992.??.??"]
[Round "3"]
[White "Kortschnoj, Viktor"]
[Black "Romanishin, Oleg M"]
[Result "1-0"]
[WhiteElo "2575"]
[BlackElo "2555"]

1.c4 e5 2.g3 Nf6 3.Bg2 d5 4.cxd5 Nxd5 5.Nf3 Nc6 6.O-O Nb6 7.d3 Be7 8.Nc3 O-O
9.a4 a5 10.Be3 Ra6 11.Rc1 f5 12.Nb5 Bf6 13.Nd2 Bd7 14.Bc5 Re8 15.e4 f4 16.gxf4 exf4
17.d4 Kh8 18.e5 Bg5 19.Rc3 Bh6 20.Bxb6 Rxb6 21.Nc4 Ra6 22.e6 Rxe6 23.d5 Rg6
24.dxc6 Qg5 25.Rg3 fxg3 26.fxg3 Rf6 27.Rxf6 Qxf6 28.cxb7  1-0

[Event "Ponferrada op"]
[Site "Ponferrada"]
[Date "1992.??.??"]
[Round "?"]
[White "Suba, Mihai"]
[Black "Milos, Gilberto"]
[Result "0-1"]
[WhiteElo "2520"]
[BlackElo "2515"]

1.c4 e5 2.g3 c6 3.d4 exd4 4.Qxd4 d5 5.Bg2 Nf6 6.Nf3 Be7 7.cxd5 cxd5 8.O-O Nc6
9.Qa4 O-O 10.Be3 Ng4 11.Bd4 Nxd4 12.Nxd4 Qb6 13.Nc3 Qh6 14.h4 g5 15.Nxd5 Bd8
16.Rfc1 gxh4 17.Rxc8 Rxc8 18.Nf5 Rc1+ 19.Bf1 Qh5 20.Nfe7+ Bxe7 21.Nxe7+ Kh8
22.Qd4+ f6 23.Rxc1 hxg3 24.Kg2 Qh2+ 25.Kf3 Ne5+ 26.Ke3 Qxf2+ 27.Ke4 Qh2 28.Qc5 g2
29.Nf5 Nd7 30.Qe7 g1=Q 31.Qxd7 Qe5+ 32.Kd3 Qg8  0-1

[Event "CSR-ch"]
[Site "Prague"]
[Date "1992.??.??"]
[Round "1"]
[White "Pcola, Pavel"]
[Black "Pribyl, Josef"]
[Result "1-0"]
[WhiteElo "2290"]
[BlackElo "2415"]

1.c4 e5 2.g3 Nc6 3.Bg2 g6 4.Nc3 Bg7 5.e3 d6 6.Nge2 h5 7.d4 h4 8.b4 h3 9.Bf3 Qf6
10.Be4 Bg4 11.Qa4 O-O-O 12.b5 Nxd4 13.exd4 exd4 14.Nd5 Qe5 15.Qa5 Kd7 16.Qxc7+ Ke8
17.f3 d3 18.Nec3 Nf6 19.Bf4 Qe6 20.O-O Nxe4 21.fxe4 Rc8 22.Qxb7 Rxc4 23.Qb8+ Qc8
24.Qxd6 Qc5+ 25.Qxc5 Rxc5 26.Rac1 f5 27.exf5 gxf5 28.Rfe1+ Kd8 29.Bg5+ Kc8
30.Be3 Rc4 31.Na4 Rc2 32.Nb4 Rxc1 33.Rxc1+ Kb8 34.Na6+  1-0

[Event "CSR-ch"]
[Site "Prague"]
[Date "1992.??.??"]
[Round "2"]
[White "Stohl, Igor"]
[Black "Biolek, Richard"]
[Result "0-1"]
[WhiteElo "2560"]
[BlackElo "2370"]

1.c4 e5 2.g3 Nf6 3.Bg2 d5 4.cxd5 Nxd5 5.Nc3 Nb6 6.Nf3 Nc6 7.O-O Be7 8.a3 O-O
9.b4 Be6 10.Rb1 f6 11.d3 Nd4 12.Nd2 c6 13.Nde4 Bg4 14.h3 Bh5 15.g4 Bf7 16.e3 Ne6
17.Qc2 Qd7 18.Rd1 h5 19.Qe2 hxg4 20.hxg4 g6 21.Bb2 f5 22.Ng3 Ng7 23.Ba1 Rae8
24.a4 Bh4 25.Bf3 Nd5 26.Kg2 Nf6 27.gxf5 gxf5 28.b5 Qe6 29.Rb4 Bg5 30.bxc6 bxc6
31.Rb7 Nd5 32.Rxa7 f4 33.Nxd5 cxd5 34.exf4 Bxf4 35.Rh1 Re7 36.Rxe7 Qxe7 37.Re1 Re8
38.a5 Qa3 39.Nh5  0-1

[Event "Prague Chip"]
[Site "Prague"]
[Date "1992.??.??"]
[Round "4"]
[White "Meduna, Eduard"]
[Black "Keitlinghaus, Ludger"]
[Result "0-1"]
[WhiteElo "2500"]
[BlackElo "2440"]

1.g3 e5 2.c4 c6 3.d3 d5 4.Nd2 Nf6 5.Bg2 Bd6 6.Qb3 O-O 7.cxd5 cxd5 8.Ngf3 Nc6
9.O-O a5 10.e4 a4 11.Qd1 dxe4 12.Nxe4 Nxe4 13.dxe4 Bc5 14.Bd2 Bg4 15.Bc3 Qxd1
16.Rfxd1 f6 17.Rd5 b6 18.a3 Be6 19.Rd2 Rfd8 20.Rad1 Rxd2 21.Rxd2 Kf8 22.Bf1 Ke7
23.Bb5 Na5 24.Rc2 Nb3 25.Kg2 Ra7 26.h3 Bd7 27.Bxd7 Rxd7 28.Nd2 Nd4 29.Bxd4 exd4
30.Rc4 Ra7 31.b4 axb3 32.Nxb3 d3 33.a4 Rd7 34.Nd2 Rd4 35.Kf1 Kd7 36.Ke1 Kc6
37.f4 Rxc4 38.Nxc4 Bb4+ 39.Kd1 Kc5 40.Ne3 Kd4 41.Nf5+ Kxe4 42.Nxg7 Bc3 43.f5 Kf3
44.g4 Kg3 45.Ne6 h6 46.Nd8 Kxh3 47.Nf7 Kxg4 48.Nxh6+ Kg5 49.Nf7+ Kxf5 50.Nd6+ Kg6
51.Nc4 Ba5 52.Nb2 d2 53.Ke2 Kf5 54.Ke3 Ke5 55.Nd1 Kd5 56.Kd3 f5 57.Nf2 Ke5
58.Ke2 Kd4 59.Nd1 f4 60.Nf2 Kc3 61.Kd1 f3 62.Ne4+ Kb3  0-1

[Event "Prague DDM-C"]
[Site "Prague"]
[Date "1992.??.??"]
[Round "10"]
[White "Becker, Marc"]
[Black "Liebert, Heinz"]
[Result "1/2-1/2"]
[WhiteElo "2340"]
[BlackElo "2380"]

1.c4 e5 2.g3 Nf6 3.Bg2 g6 4.Nc3 Bg7 5.Nf3 d6 6.O-O O-O 7.d3 Nbd7 8.Rb1 a5
9.a3 c6 10.Ne1 Nb6 11.Be3 Ng4 12.Bxb6 Qxb6 13.b4 axb4 14.axb4 Ra3 15.Qd2 Bh6
16.Qb2 Nxf2 17.c5 dxc5 18.Qxa3 cxb4 19.Rxf2 Qxf2+ 20.Kxf2 bxa3 21.Ra1 f5
22.Rxa3 e4 23.Ra8 f4 24.Nxe4 fxg3+ 25.Kxg3 Bf4+ 26.Kf2 Bxh2+ 27.Nf3 Bc7 28.Kg1 Kg7
29.Kh1 h6 30.Nfd2 Bg4 31.Ra7 Bxe2 32.Rxb7 Rf7 33.Nc5 Bd6 34.Ne6+ Kf6 35.Nd8 Rxb7
36.Nxb7 Bb4 37.Ne4+ Ke5 38.Nec5  1/2-1/2

[Event "Ramat Hasharon"]
[Site "Ramat Hasharon"]
[Date "1992.??.??"]
[Round "2"]
[White "Kaspi, Alexander"]
[Black "Shrentzel, Mordechai"]
[Result "1/2-1/2"]
[WhiteElo "2425"]
[BlackElo "2290"]

1.c4 e5 2.g3 Nc6 3.Bg2 g6 4.Nc3 Bg7 5.d3 d6 6.Rb1 f5 7.e4 Nf6 8.Nge2 O-O
9.O-O Be6 10.Nd5 Qd7 11.b4 Nd8 12.b5 c6 13.bxc6 bxc6 14.Nxf6+ Bxf6 15.exf5 Bxf5
16.Nc3 Bh3 17.Bxh3 Qxh3 18.Be3 Bg7 19.Ne4 Nf7 20.Rb7 d5 21.cxd5 cxd5 22.Nc5 Rac8
23.Qb3 Rfd8 24.Rxa7 Rb8 25.Rb7 Rxb7 26.Nxb7 Rd7 27.a4 Bh6 28.a5 Bf4 29.gxf4 Qg4+
30.Kh1  1/2-1/2

[Event "Rishon Le Ziyyon"]
[Site "Rishon Le Ziyyon"]
[Date "1992.??.??"]
[Round "6"]
[White "Khasin, Alexander"]
[Black "Zilberman, Yaacov"]
[Result "1-0"]
[WhiteElo "2460"]
[BlackElo "2490"]

1.c4 e5 2.g3 d6 3.Bg2 g6 4.d4 Nd7 5.Nf3 Bg7 6.Nc3 Ne7 7.O-O O-O 8.e4 c5 9.dxc5 dxc5
10.Nd5 Nc6 11.Be3 Nd4 12.b4 b6 13.a3 Re8 14.Rb1 Ba6 15.Rc1 Nf8 16.bxc5 bxc5
17.Bxd4 cxd4 18.Qa4 Qc8 19.Ng5 Ne6 20.Nxe6 fxe6 21.Nb4 Bb7 22.c5 a5 23.Nd3 Bc6
24.Qc4 Rb8 25.Rb1 Qc7 26.Rfc1 Bh6 27.Rd1 Bg7 28.h4 Kh8 29.Re1 Qd7 30.Rec1 Rec8
31.Bh3 Qe8 32.Bxe6 Rxb1 33.Rxb1 Rb8 34.Rb6 Bxe4 35.Rxb8 Qxb8 36.c6 Qc7 37.Bd7 h5
38.Qb5 Bxd3 39.Qxd3 Kh7 40.Be8  1-0

[Event "ROM-ch (Women)"]
[Site "?"]
[Date "1992.??.??"]
[Round "3"]
[White "Cretu, Alina"]
[Black "Ionescu Ilie, Viorica"]
[Result "1/2-1/2"]
[WhiteElo "2040"]
[BlackElo "2140"]

1.c4 e5 2.g3 g6 3.Bg2 Bg7 4.Nc3 d6 5.d3 f5 6.e3 Nh6 7.Nge2 Nf7 8.f4 O-O 9.O-O Nd7
10.b4 Re8 11.Rb1 Nf6 12.Qc2 g5 13.fxg5 Nxg5 14.e4 Ng4 15.exf5 Nh6 16.Ne4 Ngf7
17.f6 Bh8 18.Bxh6 Nxh6 19.Qd2 Nf7 20.Rf2 c6 21.Rbf1 h6 22.N2c3 a5 23.b5 Be6
24.bxc6 bxc6 25.h3 Qb6 26.g4 d5 27.c5 Qa7 28.Nd6 Nxd6 29.cxd6 Bxf6 30.Qxh6 Bg7
31.Qg6 Qe3 32.h4 e4 33.dxe4 Qxc3 34.d7 Bxd7 35.Qf7+ Kh8 36.Qxd7 dxe4 37.Rf7 e3
38.Re7 Rxe7 39.Qxe7 Qd4 40.Kh1 Qxg4 41.Qxe3 Qxh4+ 42.Qh3 Qxh3+ 43.Bxh3 Rd8
44.Rc1 Rd6 45.Rc5 Rd1+ 46.Kg2 Rd2+ 47.Kf3 Rxa2 48.Rh5+ Bh6  1/2-1/2

[Event "ROM-chT"]
[Site "?"]
[Date "1992.??.??"]
[Round "?"]
[White "Suba, Mihai"]
[Black "Ghitescu, Theodor"]
[Result "1/2-1/2"]
[WhiteElo "2520"]
[BlackElo "2435"]

1.c4 e5 2.g3 Nc6 3.Nc3 g6 4.e3 Bg7 5.Nge2 f5 6.d4 d6 7.dxe5 dxe5 8.Qxd8+ Nxd8
9.e4 Ne6 10.exf5 gxf5 11.Be3 Nf6 12.Bh3 Ng4 13.Bxg4 fxg4 14.O-O-O O-O 15.Rd2 b6
16.Nd5 Rf7 17.Rhd1 Bb7 18.b3 c5 19.h3 gxh3 20.Rh1 Nd4 21.Rxh3 Bc8 22.Rh1 Bg4
23.Nec3 Bf3 24.Rh4 Nf5 25.Rh2 Nd4  1/2-1/2

[Event "ROM-chT"]
[Site "?"]
[Date "1992.??.??"]
[Round "?"]
[White "Foisor, Ovidiu"]
[Black "Pessi, Emil"]
[Result "1-0"]
[WhiteElo "2425"]
[BlackElo "2385"]

1.c4 e5 2.g3 Nf6 3.Bg2 Nc6 4.Nf3 Bc5 5.O-O d6 6.Nc3 a5 7.d3 h6 8.Be3 Bxe3
9.fxe3 O-O 10.Qd2 Be6 11.Nh4 d5 12.Rxf6 Qxf6 13.cxd5 Bd7 14.Rf1 Qd6 15.dxc6 bxc6
16.Nf5 Bxf5 17.Rxf5  1-0

[Event "ROM-chT"]
[Site "?"]
[Date "1992.??.??"]
[Round "?"]
[White "Foisor, Cristina Adela B"]
[Black "Dan, S."]
[Result "1-0"]
[WhiteElo "2375"]
[BlackElo "2015"]

1.c4 e5 2.g3 g6 3.Bg2 Bg7 4.Nc3 Ne7 5.d3 O-O 6.e3 c6 7.Nge2 f5 8.O-O d6 9.f4 Nd7
10.h3 Nf6 11.b3 exf4 12.exf4 d5 13.Kh2 dxc4 14.dxc4 Qc7 15.Qc2 Be6 16.Bb2 Rad8
17.Ng1 h6 18.Rae1 Bf7 19.Nf3 Nc8 20.Ne5 Nd7 21.Nxf7 Rxf7 22.Re2 Nf8 23.b4 Re7
24.Rfe1 Rde8 25.c5 a5 26.b5 Rxe2 27.Rxe2 Rxe2 28.Qxe2 cxb5 29.Qxb5 b6 30.Qb3+ Kh7
31.Nd5 Qxc5 32.Nf6+  1-0

[Event "Roquebrune rapid"]
[Site "Roquebrune"]
[Date "1992.??.??"]
[Round "2"]
[White "Kortschnoj, Viktor"]
[Black "Karpov, Anatoly"]
[Result "1/2-1/2"]
[WhiteElo "2585"]
[BlackElo "2725"]

1.c4 e5 2.g3 g6 3.d4 exd4 4.Qxd4 Qf6 5.Qe3+ Qe6 6.Nc3 Nf6 7.Bh3 Qxe3 8.Bxe3 Nc6
9.O-O-O d6 10.Nb5 Bxh3 11.Nxh3 O-O-O 12.Ng5 Rd7 13.h3 Bg7 14.Bxa7 Nxa7 15.Nxa7+ Kb8
16.Nb5 Bh6 17.f4 Bxg5 18.fxg5 Ne4 19.Rh2 Re8 20.Nc3 Nxg5 21.c5 f5 22.cxd6 Rxd6
23.Rxd6 cxd6 24.Kd2 Kc7 25.Kd3 Kc6 26.g4 f4 27.h4 Re3+ 28.Kd2 Ne6 29.Nd1 Rg3
30.Nf2 Nc5 31.g5 d5 32.Nd3 Nxd3 33.exd3 Kc5 34.Kc3 d4+ 35.Kd2 Kd5 36.a4 Kc5
37.h5 Rxg5 38.hxg6 hxg6 39.Rh7 Rg2+ 40.Ke1 Rxb2 41.Rf7 g5 42.Rf5+ Kb4 43.Rb5+ Kc3
44.Rxg5 Kxd3 45.Rf5 Ke4 46.Rf7 d3 47.Re7+ Kd4 48.Rf7 Ke3 49.Re7+ Kf3 50.Rd7 d2+
51.Kd1 Kf2 52.a5 f3 53.Rf7 Kg2 54.Rg7+ Kf1 55.Rg6 Ra2 56.Rg5 f2 57.Rg7 Rxa5
58.Kxd2 Rd5+ 59.Kc2 Ke2 60.Re7+ Kf3 61.Rxb7 f1=Q 62.Rf7+ Ke2 63.Rxf1 Kxf1
64.Kc3 Ke2 65.Kc4 Rh5 66.Kd4 Kf3 67.Kd3 Rd5+ 68.Kc3 Ke4 69.Kc4 Rh5 70.Kc3 Rc5+
71.Kb3 Kd4 72.Kb4 Rh5 73.Kb3 Rb5+ 74.Ka4 Kc4 75.Ka3 Kc3  1/2-1/2

[Event "Roses"]
[Site "Roses"]
[Date "1992.??.??"]
[Round "4"]
[White "Suba, Mihai"]
[Black "Vehi Bach, Victor Manuel"]
[Result "1/2-1/2"]
[WhiteElo "2520"]
[BlackElo "2390"]

1.c4 e5 2.g3 Nc6 3.Nc3 f5 4.e3 Nf6 5.d4 d6 6.dxe5 dxe5 7.Qb3 Nd7 8.a3 Nc5
9.Qc2 a5 10.Na4 Nxa4 11.Qxa4 Bd7 12.Qc2 Bc5 13.Bd2 O-O 14.O-O-O Qe7 15.Ne2 Qf7
16.Nc3 Be6 17.Nd5 Nb8 18.Kb1 c6 19.Bc1 Na6 20.Nc3 Bxc4 21.Bxc4 Qxc4 22.Rd7 Rf7
23.Rhd1 Re8 24.h3 Bf8 25.Rxf7 Qxf7 26.Qa4 Qc7 27.g4 fxg4 28.Qxg4 Nc5 29.b4 axb4
30.axb4 Ne6 31.Bb2 Qf7 32.Ne4 Qg6 33.Qxg6 hxg6 34.b5 cxb5 35.Rd5 Nc7 36.Rd7 Ne6
37.Rxb7 Nc5 38.Nxc5 Bxc5 39.Rxb5 Bd6 40.Rb6 Rd8 41.Kc2 Rd7 42.Kb3 Kf7 43.Kc4 Ke7
44.Bc3 Rc7+ 45.Kd3 Rc8 46.Rb7+ Rc7 47.Rb1 Rc8 48.Rg1 Kf7 49.e4 Rh8 50.Rg3 Rc8
51.Re3 Ke6 52.Ke2 Rh8 53.Kf1 Rh4 54.Kg2 Bc5 55.Re2 Rf4 56.f3 Rf7 57.Ra2 Ra7
58.Rxa7 Bxa7 59.Bd2 Bb6 60.Kg3 Bd8 61.Kg4 Be7  1/2-1/2

[Event "Roses"]
[Site "Roses"]
[Date "1992.??.??"]
[Round "6"]
[White "Suba, Mihai"]
[Black "Ubilava, Elizbar"]
[Result "1-0"]
[WhiteElo "2520"]
[BlackElo "2560"]

1.c4 e5 2.g3 c6 3.d4 e4 4.Nc3 d5 5.cxd5 cxd5 6.Qb3 Ne7 7.Bf4 a6 8.Bxb8 Rxb8
9.e3 Be6 10.Rc1 Nc6 11.Qa4 Qb6 12.Rb1 Bd6 13.Nge2 O-O 14.Nf4 Bb4 15.Qc2 Na5
16.Be2 Rbc8 17.O-O Qd6 18.Rfc1 Rc6 19.Qa4 Rfc8 20.a3 Bxc3 21.Rxc3 Rxc3 22.bxc3 Qd8
23.Nxe6 fxe6 24.Bg4 Kf7 25.Rb6 Qxb6 26.Qd7+ Kf6 27.Qxc8 Qd6 28.Bxe6 Qxe6
29.Qd8+ Kg6 30.Qxa5 b5 31.Qc7 h5 32.Kg2 Kh6 33.h4 Kg6 34.Qf4 Kh7 35.g4 hxg4
36.Kg3 Qd7 37.Qxg4 Qd6+ 38.Kh3 Qf6 39.Qh5+ Qh6 40.Qxd5 Qg6 41.Qg5 Qd6 42.Qe5 Qc6
43.d5 Qc4 44.Kg3 Qd3 45.d6 g6 46.Qe7+  1-0

[Event "San Mateo op"]
[Site "San Mateo"]
[Date "1992.??.??"]
[Round "?"]
[White "Ochoa de Echaguen, F Javier"]
[Black "Regan, Natasha"]
[Result "1-0"]
[WhiteElo "2405"]
[BlackElo "2140"]

1.c4 e5 2.g3 Nc6 3.Bg2 f5 4.e3 Nf6 5.Nc3 Bb4 6.Nd5 O-O 7.Ne2 a5 8.O-O d6
9.h3 Kh8 10.Kh2 Bd7 11.a3 Bc5 12.d4 Ba7 13.b3 g5 14.Bb2 f4 15.exf4 exf4 16.gxf4 g4
17.Nxf6 Qxf6 18.Rb1 gxh3 19.Bxc6 Qg6 20.Rg1 Rxf4 21.Nxf4  1-0

[Event "Sao Paulo op"]
[Site "Sao Paulo"]
[Date "1992.??.??"]
[Round "?"]
[White "Braga, Cicero"]
[Black "Pelikian, Jefferson"]
[Result "1-0"]
[WhiteElo "2355"]
[BlackElo "2295"]

1.g3 e5 2.c4 Nc6 3.Bg2 g6 4.Nc3 Bg7 5.d3 Nf6 6.e4 d6 7.Nge2 O-O 8.O-O Be6
9.h3 Qd7 10.Kh2 Ne8 11.f4 Kh8 12.Be3 Nd4 13.Qd2 c6 14.Rf2 Nxe2 15.Qxe2 f5
16.Raf1 exf4 17.Bxf4 Nf6 18.Qd2 fxe4 19.Bg5 Ng8 20.Nxe4 Bf5 21.Qb4 Bxe4 22.Bxe4 Rxf2+
23.Rxf2 Bd4 24.Re2 Nf6 25.Bg2 Re8 26.Rxe8+ Nxe8 27.Qe1 Nf6 28.b4 Be5 29.Qf2 Kg7
30.d4 Bxg3+ 31.Qxg3 Nh5 32.Qe3 Kf7 33.d5 Ng7 34.dxc6 bxc6 35.Qf3+ Qf5 36.Qxf5+ gxf5
37.Bxc6 Kg6 38.Be3  1-0

[Event "Sas van Gent"]
[Site "Sas van Gent"]
[Date "1992.??.??"]
[Round "?"]
[White "Deleyn, Gunter"]
[Black "Motwani, Paul"]
[Result "1-0"]
[WhiteElo "2320"]
[BlackElo "2500"]

1.c4 e5 2.g3 Nf6 3.Bg2 d5 4.cxd5 Nxd5 5.Nc3 Nb6 6.Nf3 Nc6 7.O-O Be7 8.a3 Be6
9.b4 a5 10.b5 Nd4 11.Rb1 f6 12.d3 a4 13.Nd2 Bd5 14.Nxd5 Nxd5 15.e3 Nc3 16.Qg4 Nde2+
17.Kh1 Qxd3 18.Qxg7 O-O-O 19.Qxe7 Nxb1 20.b6 Qd6 21.Bh3+ Kb8 22.bxc7+ Qxc7
23.Qxc7+ Kxc7 24.Nxb1 Nxc1 25.Rxc1+ Kb8 26.Nc3 Rd2 27.Kg2 Rhd8 28.Bf5 h6
29.Nxa4 Ra2 30.Nc5 Rxa3 31.Rb1 Ra7 32.Be4 Rd2 33.Nxb7 Kc7 34.Rc1+ Kd7 35.Bf5+ Ke7
36.Rc7+ Kf8 37.Rc8+ Ke7 38.Nc5 Raa2 39.Ne4 Rdb2 40.Rc7+ Kf8 41.Be6  1-0